Contemporary american poetry

Gardado en:
Detalles Bibliográficos
Autor Principal: Nemerov, Howard (Author)
Formato: Libro
Idioma:inglés
Publicado: Washington, D.C International Communication Agency 1965
Series:Voice of America Forum Lectures
Subjects:
Tags: Engadir etiqueta
Sen Etiquetas, Sexa o primeiro en etiquetar este rexistro!

MARC

LEADER 00000nam a2200000 a 4500
001 UCQ3655
003 CL-VaPUC
008 980821e19650000us |||||||||||||||||eng|d
082 0 4 |a 811.09  |b NEM  |2 21 
100 0 |a Nemerov, Howard  |e author  |9 417912 
245 1 0 |a Contemporary american poetry 
300 |a 311 p 
942 |c BK 
945 |d 19980821 00:00:00  |a crobeson 
260 |a Washington, D.C  |b International Communication Agency  |c 1965 
650 0 |a Poesía estadounidense  |9 265065 
650 0 |a Literatura estadounidense  |9 317168 
650 0 |a Historia y crítica   |9 257407 
583 |a last modification  |c 20171115 10:11:29  |k Rodrigo Vera 
490 0 |a Voice of America Forum Lectures 
999 |c 274172  |d 274170 
952 |0 0  |1 0  |4 0  |6 811_090000000000000_NEM_1965  |7 0  |8 A  |9 310274  |a BIBEDU  |b BIBEDU  |d 2019-11-20  |i 145675K  |o 811.09 NEM 1965  |p 145675K  |r 2019-11-20  |w 2019-11-20  |y BK  |k LIT 
952 |0 0  |1 0  |4 0  |6 811_090000000000000_NEM_1965  |7 0  |8 A  |9 310275  |a BIBEDU  |b BIBEDU  |d 2019-11-20  |i 1456768  |o 811.09 NEM 1965  |p 1456768  |r 2019-11-20  |w 2019-11-20  |y BK  |k LIT